000 00894nam a2200277Ia 4500
005 20220316235305.0
008 121119s1986 mx gr 000 0 spa
020 _a9684111835
041 1 _aspa
082 0 4 _a200.9
_bE43T
100 1 _aEliade, Mircea,
_d1907-1986
245 1 0 _aTratado de historia de las religiones
_cMircea Eliade ; traducción de Tomás Segovia
250 _aDécima sexta edición
264 1 _aMexico
_bEdiciones Era
_c1986
300 _a462 páginas
_c20 cm.
336 _atexto
_btxt
_2rdacontent
337 _asin mediación
_bn
_2rdamedia
338 _avolumen
_bnc
_2rdacarrier
650 1 4 _2LEMB
_aReligiones
_xHistoria
650 1 4 _2LEMB
_aReligiones
_xOrígenes
650 1 4 _2LEMB
_aFilosofía de la religión
650 1 4 _2LEMB
_aMitología
700 1 _aSegovia, Tomás
_d1927
_etraductor
_9117359
942 _2ddc
_cBK
040 _aCO-BoRNBP
_bspa
_erda
_cCO-BoRNBP
999 _c506
_d506